| 000 | 00454cam a2200181ua 4500 | ||
|---|---|---|---|
| 001 | 10481 | ||
| 008 | 190307n ii |||gr||||Z||||||eng | ||
| 020 | _a9788131760291 | ||
| 040 | _cMAIN | ||
| 082 | _a004 | ||
| 245 | _aIntroduction to information technology | ||
| 250 | _a1st imp. | ||
| 260 |
_aNoida: _bpearson, _c2012. |
||
| 300 | _a757p. | ||
| 653 | _aData processing & computer science | ||
| 700 | _aITL education solutions limited. | ||
| 942 | _cBK | ||
| 999 |
_c9466 _d9466 |
||